La enseñanza de la lectura y la fonetica. / (Registro nro. 36656)
[ vista simple ]
| 000 -CABECERA | |
|---|---|
| campo de control de longitud fija | 00766nam a2200193 a 4500 |
| 001 - NÚMERO DE CONTROL | |
| campo de control | 000037166 |
| 005 - FECHA Y HORA DE LA ÚLTIMA TRANSACCIÓN | |
| campo de control | 20200930080201.0 |
| 008 - DATOS DE LONGITUD FIJA--INFORMACIÓN GENERAL | |
| campo de control de longitud fija | 120220s1966 pr 000 0 spa d |
| 040 ## - FUENTE DE LA CATALOGACIÓN | |
| Centro catalogador/agencia de origen | DO-SdBNP |
| Lengua de catalogación | spa |
| Centro/agencia transcriptor | BNPHU |
| 082 ## - NÚMERO DE LA CLASIFICACIÓN DECIMAL DEWEY | |
| Número de clasificación | xxxx |
| Número de documento/Ítem | E59 |
| 245 03 - MENCIÓN DE TÍTULO | |
| Título | La enseñanza de la lectura y la fonetica. / |
| Mención de responsabilidad, etc. | dirección Ismael Rodríguez Bou. |
| 260 ## - PUBLICACIÓN, DISTRIBUCIÓN, ETC. | |
| Lugar de publicación, distribución, etc. | Rio Piedras, Puerto Rico : |
| Nombre del editor, distribuidor, etc. | Universidad de Puerto Rico, |
| Fecha de publicación, distribución, etc. | 1966. |
| 300 ## - DESCRIPCIÓN FÍSICA | |
| Extensión | 206 p. ; |
| Dimensiones | 23 cm. |
| 490 1# - MENCIÓN DE SERIE | |
| Mención de serie | Publicaciones pedagógicas |
| -- | Serie 2 |
| Designación de volumen o secuencia | 1966, núm. 32 |
| 500 ## - NOTA GENERAL | |
| Nota general | Trabajos de investigación auspiciados por el Consejo Superior de Enseñanza |
| 700 1# - PUNTO DE ACCESO ADICIONAL--NOMBRE DE PERSONA | |
| Nombre de persona | Rodríguez Bou, Ismael |
| 9 (RLIN) | 30011 |
| 710 2# - PUNTO DE ACCESO ADICIONAL--NOMBRE DE ENTIDAD CORPORATIVA | |
| Nombre de entidad corporativa o nombre de jurisdicción como elemento de entrada | Consejo Superior de Enseñanza |
| 9 (RLIN) | 63575 |
| 830 #0 - PUNTO DE ACCESO ADICIONAL DE SERIE-TÍTULO UNIFORME | |
| Título uniforme | Publicaciones pedagógicas |
| Nombre de parte o sección de la obra | Serie 2 |
| Designación de volumen o secuencia | 1966, núm. 32 |
| 9 (RLIN) | 63576 |
| Estado de retiro | Estado de pérdida | Restricciones de uso | No para préstamo | Código de colección | Localización permanente | Ubicación/localización actual | Ubicación en estantería | Fecha de adquisición | Número de inventario | Total de préstamos | Signatura topográfica completa | Código de barras | Fecha visto por última vez | Precio válido a partir de | Tipo de ítem Koha |
|---|---|---|---|---|---|---|---|---|---|---|---|---|---|---|---|
| Monografías: Libros y Folletos | General | General | Orden iniciada | 20.02.2012 | LF1 | xxxx E59 | 37166-10 | 25.06.2020 | 25.06.2020 | No se presta |
